00569 2200193 4500245011900000020002200119250001100141100002000152700002800172650001000200005001900210260005700229041001400286084001200300300002300312336000900335337001000344338002100354 aPendidikan Kepercayaan Terhadap Tuhan Yang Maha Esa dan Budi Pekerti untuk SMA/SMK Kelas XIcBambang PurnomohText a978-602-244-811-2 aCet. 1 aBambang Purnomo aSri Endang Sulistyowati aEbook a20230616072139 aJakartabKementerian Pendidikan dan Kebudayaanc2021 aIndonesia a370.114 ax, 174 hlm. :cPDF atext aother aother (computer)